| 000 | 00000nam 2200000za 4500 |
| 001 | 9.837911 |
| 003 | CaOODSP |
| 005 | 20250611103805 |
| 007 | cr ||||||||||| |
| 008 | 170607s2017 oncd os f000 0 fre d |
| 040 | |aCaOODSP|bfre |
| 043 | |an-cn---|aa-ja--- |
| 086 | 1 |aA74-4/9-2017F-PDF |
| 245 | 00|aAperçu des tendances sur les produits de l'érable au Japon |h[ressource électronique]. |
| 260 | |a[Ottawa] : |bAgriculture et agroalimentaire Canada, |c[2017] |
| 300 | |a[3] p. (pages non numérotées) : |bgraph. en coul. |
| 490 | 1 |aSérie sur l'innovation des produits |
| 500 | |aPubl. aussi en anglais sous le titre: Snapshot of maple product trends in Japan. |
| 500 | |aTitre de départ. |
| 692 | 07|2gccst|aProduit de l'érable |
| 692 | 07|2gccst|aMarché international |
| 692 | 07|2gccst|aAnalyse de marché |
| 710 | 1 |aCanada. |bAgriculture et agroalimentaire Canada. |
| 775 | 08|tSnapshot of maple product trends in Japan |w(CaOODSP)9.837910 |
| 830 | #0|aSérie sur l'innovation des produits (Agriculture et agro-alimentaire Canada)|w(CaOODSP)9.829071 |
| 856 | 40|qPDF|s165 Ko|uhttps://publications.gc.ca/collections/collection_2017/aac-aafc/A74-4-9-2017-fra.pdf |